000 00294nam a22001337a 4500
008 170316b xxu||||| |||| 00| 0 eng d
020 _a9780321551399
041 _aeng
080 _24 ED
_a611
100 _a7
101 _aSHM
245 _aHUMAN PHYSIOLOGY
_cSILVERTHORN.U
942 _2udc
_cBK
999 _c7952
_d7952